<?xml version="1.0" encoding="UTF-8"?><record xmlns="http://www.loc.gov/MARC21/slim" xmlns:zs="http://docs.oasis-open.org/ns/search-ws/sruResponse">
  <leader>00543cz  a2200217n  4500</leader>
  <controlfield tag="001">sh 85014436 </controlfield>
  <controlfield tag="003">DLC</controlfield>
  <controlfield tag="005">20030612081044.0</controlfield>
  <controlfield tag="008">030502i| anannbabn          |a ana      </controlfield>
  <datafield ind1=" " ind2=" " tag="010">
    <subfield code="a">sh 85014436 </subfield>
  </datafield>
  <datafield ind1=" " ind2=" " tag="035">
    <subfield code="a">(DLC)sh 85014436</subfield>
  </datafield>
  <datafield ind1=" " ind2=" " tag="035">
    <subfield code="a">(DLC)5935380</subfield>
  </datafield>
  <datafield ind1=" " ind2=" " tag="035">
    <subfield code="a">(DLC)sp 85014436</subfield>
  </datafield>
  <datafield ind1=" " ind2=" " tag="035">
    <subfield code="a">(DLC)299510</subfield>
  </datafield>
  <datafield ind1=" " ind2=" " tag="040">
    <subfield code="a">DLC</subfield>
    <subfield code="c">DLC</subfield>
    <subfield code="d">DLC</subfield>
  </datafield>
  <datafield ind1=" " ind2="0" tag="053">
    <subfield code="a">QD181.B5</subfield>
    <subfield code="c">Chemistry</subfield>
  </datafield>
  <datafield ind1=" " ind2="0" tag="053">
    <subfield code="a">TP245.B5</subfield>
    <subfield code="c">Chemical technology</subfield>
  </datafield>
  <datafield ind1=" " ind2=" " tag="150">
    <subfield code="a">Bismuth</subfield>
  </datafield>
  <datafield ind1=" " ind2=" " tag="550">
    <subfield code="w">g</subfield>
    <subfield code="a">Group 15 elements</subfield>
  </datafield>
  <datafield ind1=" " ind2=" " tag="550">
    <subfield code="w">g</subfield>
    <subfield code="a">Metals</subfield>
  </datafield>
  <datafield ind1=" " ind2=" " tag="550">
    <subfield code="w">g</subfield>
    <subfield code="a">Native element minerals</subfield>
  </datafield>
</record>
